Vinculación institucional en red con la emigración altamente calificada: percepciones de costarricenses en el extranjero /
Guardado en:
| Hovedforfatter: | |
|---|---|
| Format: | Texto |
| Tags: |
Tilføj Tag
Ingen Tags, Vær først til at tagge denne postø!
|
MARC
| LEADER | 00000 a a2200000 04500 | ||
|---|---|---|---|
| 001 | 48726 | ||
| 003 | |||
| 040 | |||
| 100 | |a Muñoz Velera, Luis | ||
| 245 | |a Vinculación institucional en red con la emigración altamente calificada: |b percepciones de costarricenses en el extranjero / |c Luis Muñoz Varela | ||
| 773 | |a volumen12, número1, (2015), páginas 27-51 : tablas | ||
| 999 | |c 37426 |d 37426 | ||
